MARC

LEADER 00000nam0a2200000 4500
001 220353
005 20231101230329.0
035 |a (RuTPU)RU\TPU\book\240475 
090 |a 220353 
100 |a 20120822d1928 m y0rusy50 ca 
101 0 |a ger 
102 |a DE 
105 |a a z 000zy 
200 1 |a Ingenieurbauten der Deutschen Reichsbahn  |e Herausgeben von der Deutschen Reischsbahn-Gesellschaft 
210 |a Berlin  |c Verkehrswissenschaftliche lenrmittelgesellschaft M. B. H.  |d 1928 
215 |a 104 s.  |c il. 
606 1 |a Инженерные сооружения  |x Теория  |2 stltpush  |3 (RuTPU)RU\TPU\subj\12623  |9 39381 
610 1 |a строительство 
610 1 |a строительная механика 
610 1 |a строительные конструкции 
610 1 |a строительные сооружения 
610 1 |a мосты 
610 1 |a арки 
610 1 |a фермы 
610 1 |a перекрытия 
610 1 |a немецкий язык 
610 1 |a Германия 
675 |a 624.04  |v 3 
801 1 |a RU  |b 63413507  |c 20120822 
801 2 |a RU  |b 63413507  |c 20121128  |g RCR 
942 |c BK